| 000 | 00521nam a2200217Ia 4500 | ||
|---|---|---|---|
| 003 | OSt | ||
| 005 | 20221005122747.0 | ||
| 006 | a|||||r|||| 00| 0 | ||
| 007 | ta | ||
| 008 | 221004b |||||||| |||| 00| 0 snd d | ||
| 024 | _a6868 | ||
| 037 | _cTextual | ||
| 040 |
_aCRL _cCRL _bsnd |
||
| 041 |
_2snd _asnd |
||
| 082 | _aQ2:3, 1593H6 | ||
| 100 |
_aKrishanand _9632559 |
||
| 245 | 0 | _aKaram bhog chakkar | |
| 260 | _c1946 | ||
| 942 |
_hQ2:3, 1593H6 _cTEXL _2cc |
||
| 999 |
_c1045283 _d1045283 |
||